| 000 | 00593nam a2200205Ia 4500 | ||
|---|---|---|---|
| 005 | 20250508152806.0 | ||
| 008 | 008 250505s9999 xx 000 0 eng d | ||
| 037 | _aTextual | ||
| 040 |
_aFEDL _beng _cFEDL |
||
| 041 |
_aeng _2eng |
||
| 084 |
_a020.7, LEI _qFEDL |
||
| 100 | _aLeigh Robert D Ed. | ||
| 245 | 0 | _aMajor problems in the education of librarians | |
| 260 |
_aNew York, USA _bColumbia University Press _c1954 |
||
| 300 | _ax,116p. | ||
| 365 |
_aUSD _b2.5 |
||
| 650 | _aLibrary and Information Sciences | ||
| 942 |
_cTEXL _h020.7, LEI |
||
| 999 |
_c1338777 _d1338777 |
||